[Event "Robecchetto op 33rd"]
[Site "Robecchetto"]
[Date "2021.12.27"]
[Round "3"]
[White "Volpi, Davide"]
[Black "Sumarriva Paulin, Laura"]
[Result "1/2-1/2"]
[WhiteElo "1992"]
[BlackElo "1954"]
[PlyCount "90"]
[EventDate "2021.12.26"]
[EventType "swiss"]
[EventRounds "7"]
[EventCountry "ITA"]
[SourceTitle "EXT 2023"]
[Source "ChessBase"]
[SourceDate "2022.10.05"]
[SourceVersion "1"]
[SourceVersionDate "2022.10.05"]
[SourceQuality "1"]

1. Nf3 d5 2. c4 d4 3. d3 c5 4. g3 Nc6 5. Bg2 e5 6. 0-0 Bd6 7. e3 Nf6 8. exd4 cxd4 9. Re1 0-0 10. c5 Bc7 11. b4 Nd7 12. b5 Nb4 13. a3 Nd5 14. Qc2 Ba5 15. Bd2 Bxd2 16. Nfxd2 Nc7 17. c6 bxc6 18. bxc6 Nb6 19. Rxe5 Qf6 20. Re1 Ba6 21. Ne4 Qg6 22. Nc5 Bb5 23. Nb3 Bxd3 24. Qb2 Bxb1 25. Raxb1 d3 26. Qe5 Ne6 27. Be4 Qh6 28. Bxd3 Ng5 29. Be2 Rfe8 30. Qb5 Nh3+ 31. Kg2 Nxf2 32. Bf3 Re6 33. Rxe6 fxe6 34. h4 Qg6 35. Re1 Ng4 36. c7 Rf8 37. Qc6 Nf6 38. Qxe6+ Kh8 39. Qe7 Re8 40. Qd8 Rg8 41. Nd4 Qd3 42. Nc6 Nfd5 43. Re8 Qc2+ 44. Kh3 Qf5+ 45. Bg4 Qf1+ 1/2-1/2

[Event "Robecchetto op 21th Spring"]
[Site "Robecchetto"]
[Date "2010.04.22"]
[Round "4"]
[White "Volpi, Davide"]
[Black "Santarelli, Sabatino"]
[Result "1-0"]
[WhiteElo "2002"]
[BlackElo "1675"]
[PlyCount "119"]
[EventDate "2010.04.01"]
[EventType "swiss"]
[EventRounds "6"]
[EventCountry "ITA"]
[SourceTitle "EXT 2024"]
[Source "ChessBase"]
[SourceDate "2023.10.10"]
[SourceVersion "1"]
[SourceVersionDate "2023.10.10"]
[SourceQuality "1"]

1. Nf3 c5 2. g3 Nc6 3. Bg2 d5 4. c4 d4 5. d3 Nf6 6. 0-0 e5 7. Nbd2 Be7 8. Re1 0-0 9. Nf1 Bg4 10. h3 Bd7 11. e3 Re8 12. exd4 exd4 13. Ne5 Nxe5 14. Rxe5 Bd6 15. Rxe8+ Qxe8 16. Bg5 Qe5 17. Qd2 Re8 18. Bf4 Qe7 19. Bxd6 Qxd6 20. Re1 b6 21. Rxe8+ Bxe8 22. Qe1 Bd7 23. Nd2 Qe6 24. Qxe6 Bxe6 25. f4 Bf5 26. Bf1 h5 27. Nf3 Nd7 28. Kf2 f6 29. Nh4 Bh7 30. Be2 g5 31. Ng2 Bg6 32. Ne1 gxf4 33. gxf4 Kg7 34. Nf3 Kh6 35. Nh4 Bh7 36. Kg3 a6 37. a4 a5 38. Nf3 Bf5 39. Nd2 Nf8 40. Ne4 Bxe4 41. dxe4 Ng6 42. b3 Ne7 43. e5 Nf5+ 44. Kf3 fxe5 45. fxe5 Kg5 46. Bd3 Ng7 47. Ke4 Ne6 48. Kd5 Nf4+ 49. Kd6 Nxd3 50. e6 Ne5 51. e7 d3 52. e8Q Nxc4+ 53. bxc4 Kh4 54. Qe3 d2 55. Qxd2 Kxh3 56. Qg5 h4 57. Ke5 b5 58. Ke4 bxc4 59. Kf3 Kh2 60. Qg2# 1-0

[Event "Corsico op-A 40th"]
[Site "Corsico"]
[Date "2009.05.03"]
[Round "5"]
[White "Castrogiovanni, Carlo"]
[Black "Volpi, Davide"]
[Result "1-0"]
[WhiteElo "2027"]
[BlackElo "2020"]
[PlyCount "85"]
[EventDate "2009.05.01"]
[EventType "swiss"]
[EventRounds "6"]
[EventCountry "ITA"]
[SourceTitle "EXT 2011"]
[Source "ChessBase"]
[SourceDate "2010.11.26"]
[SourceVersion "1"]
[SourceVersionDate "2010.11.26"]
[SourceQuality "1"]

1. d4 Nf6 2. c4 c5 3. d5 e6 4. Nc3 exd5 5. cxd5 d6 6. Nf3 g6 7. Nd2 Bg7 8. e4 0-0 9. Bd3 Re8 10. 0-0 Na6 11. Nc4 Nc7 12. a4 Rb8 13. f3 Qe7 14. Bf4 Rd8 15. Qd2 Nfe8 16. Rab1 Na6 17. Nb5 b6 18. Rbd1 Nb4 19. Bb1 a6 20. Nc3 b5 21. axb5 axb5 22. Ne3 Qf6 23. Nc2 Nxc2 24. Bxc2 b4 25. Na4 Ba6 26. Rf2 c4 27. Bg5 Qd4 28. Qxd4 Bxd4 29. Rxd4 f6 30. Bd2 Bb5 31. Bd1 Rdc8 32. Be1 Rc7 33. b3 Bxa4 34. bxa4 Rc5 35. Rb2 c3 36. Rbxb4 Rbc8 37. Bc2 Nc7 38. Rbc4 Na6 39. Rxc5 Rxc5 40. Kf2 Kf7 41. Ke3 Rc8 42. a5 Nc5 43. Rc4 1-0

[Event "Corsico op-A 40th"]
[Site "Corsico"]
[Date "2009.05.01"]
[Round "1"]
[White "Volpi, Davide"]
[Black "Massironi, Marco"]
[Result "1/2-1/2"]
[WhiteElo "2020"]
[BlackElo "2180"]
[PlyCount "125"]
[EventDate "2009.05.01"]
[EventType "swiss"]
[EventRounds "6"]
[EventCountry "ITA"]
[SourceTitle "EXT 2011"]
[Source "ChessBase"]
[SourceDate "2010.11.26"]
[SourceVersion "1"]
[SourceVersionDate "2010.11.26"]
[SourceQuality "1"]

1. e4 c5 2. Nf3 d6 3. g3 Nf6 4. d3 g6 5. Bg2 Bg7 6. 0-0 0-0 7. Nbd2 Nc6 8. c3 Bd7 9. Re1 Rc8 10. Rb1 Qc7 11. b3 Rfd8 12. Bb2 b5 13. d4 cxd4 14. Nxd4 Ne5 15. Qe2 Qb6 16. c4 bxc4 17. bxc4 Bg4 18. f3 Nc6 19. Qe3 Bd7 20. Bc3 Ng4 21. Rxb6 Nxe3 22. Rxc6 Bxd4 23. Rxc8 Rxc8 24. Bxd4 Nc2 25. Bf2 Nxe1 26. Bxe1 Rb8 27. Nb3 Ba4 28. Nc1 Rb2 29. Bf1 Rc2 30. Ne2 Rxa2 31. Nc3 Ra1 32. Bf2 Bd7 33. Kg2 a5 34. Nd5 Kf8 35. c5 Ra2 36. cxd6 exd6 37. g4 a4 38. Kg3 a3 39. Bd4 Rd2 40. Bc3 a2 41. Bc4 Rc2 42. Bxa2 Rxa2 43. Bb4 Ra6 44. Nf6 Bc8 45. Nxh7+ Ke7 46. e5 Ke6 47. exd6 f6 48. Nf8+ Kd5 49. d7 Bxd7 50. Nxd7 Kc4 51. Bd2 Rd6 52. Nxf6 Rxf6 53. h4 Kd3 54. g5 Rf7 55. Bc1 Ke2 56. f4 Rc7 57. Bb2 Ke3 58. h5 gxh5 59. Be5 Rc8 60. Kh4 Ke4 61. Kxh5 Kf5 62. g6 Rc1 63. Kh4 1/2-1/2

[Event "Bratto Martesana op"]
[Site "Bratto"]
[Date "2006.11.19"]
[Round "6"]
[White "Bemporad, Filippo"]
[Black "Volpi, Davide"]
[Result "1-0"]
[WhiteElo "2076"]
[BlackElo "2053"]
[PlyCount "83"]
[EventDate "2006.11.11"]
[EventType "swiss"]
[EventRounds "6"]
[EventCountry "ITA"]
[SourceTitle "EXT 2008"]
[Source "ChessBase"]
[SourceDate "2007.11.25"]
[SourceVersion "1"]
[SourceVersionDate "2007.11.25"]
[SourceQuality "1"]

1. d4 Nf6 2. Nf3 g6 3. c4 Bg7 4. Nc3 0-0 5. e4 d6 6. Be2 e5 7. 0-0 Nc6 8. d5 Ne7 9. Ne1 Nd7 10. Nd3 f5 11. Bd2 Nf6 12. f3 c6 13. Be1 a5 14. Bf2 cxd5 15. cxd5 fxe4 16. fxe4 Bd7 17. Be3 Rc8 18. Rc1 Qe8 19. a3 Bb5 20. Nf2 Bxe2 21. Qxe2 Qd7 22. Nh3 h6 23. Nf2 Kh7 24. Bb6 Ra8 25. Nb5 Ne8 26. Nc7 Rc8 27. Ne6 Rf6 28. Bxa5 Rxe6 29. Qg4 Rxc1 30. Rxc1 Nxd5 31. exd5 Re7 32. Qc4 Qf5 33. Ne4 Rf7 34. Rf1 Qxf1+ 35. Qxf1 Rxf1+ 36. Kxf1 Kg8 37. a4 Kf8 38. Bd8 Kf7 39. a5 Bf8 40. b4 Be7 41. Bb6 Nf6 42. Nxf6 1-0

[Event "Robecchetto op"]
[Site "Robecchetto"]
[Date "2004.12.29"]
[Round "5"]
[White "Volpi, Davide"]
[Black "Magrini, Riccardo"]
[Result "1/2-1/2"]
[WhiteElo "2069"]
[BlackElo "2229"]
[PlyCount "106"]
[EventDate "2004.12.27"]
[EventType "swiss"]
[EventRounds "6"]
[EventCountry "ITA"]
[SourceTitle "CBM 104 Extra"]
[Source "ChessBase"]
[SourceDate "2005.03.01"]
[SourceVersion "1"]
[SourceVersionDate "2005.03.01"]
[SourceQuality "1"]

1. e4 c5 2. Nf3 Nc6 3. g3 g6 4. Bg2 Bg7 5. 0-0 Nf6 6. Re1 0-0 7. c3 d5 8. e5 Ng4 9. d4 cxd4 10. cxd4 Nh6 11. Nc3 Bg4 12. h3 Bxf3 13. Bxf3 e6 14. Be3 Nf5 15. Qd2 Qb6 16. Red1 f6 17. Na4 Qd8 18. Nc5 Qe7 19. exf6 Bxf6 20. Nb3 Rad8 21. Kg2 Qf7 22. Bg4 h5 23. Bxf5 exf5 24. Rac1 Rfe8 25. Qe2 Re4 26. Qb5 g5 27. Nc5 Nxd4 28. Bxd4 Rxd4 29. Rxd4 Bxd4 30. Qxb7 Qxb7 31. Nxb7 Rd7 32. Nc5 Rc7 33. b4 a5 34. a3 Bb2 35. Rd1 d4 36. Ne6 Re7 37. Nxg5 axb4 38. axb4 Rb7 39. Ne6 Rxb4 40. Nf4 h4 41. Nd3 Rb3 42. Nxb2 Rxb2 43. Rxd4 hxg3 44. Kxg3 Kg7 45. Rd6 Ra2 46. f3 Ra4 47. h4 Rb4 48. h5 Ra4 49. h6+ Kh7 50. Rf6 Rb4 51. Rxf5 Kxh6 52. Rf4 Rb5 53. Rg4 Rg5 1/2-1/2

[Event "SEMI Danvers theme (B) email"]
[Site "SEMI email"]
[Date "2004.07.20"]
[Round "?"]
[White "Migliorini, Roberto"]
[Black "Volpi, Davide"]
[Result "1/2-1/2"]
[WhiteElo "2029"]
[BlackElo "2069"]
[PlyCount "49"]
[EventDate "2004.07.20"]
[EventType "tourn (corr)"]
[EventRounds "8"]
[EventCountry "ITA"]
[SourceTitle "Corr 2008"]
[Source "ChessBase"]
[SourceDate "2008.06.24"]
[SourceVersion "1"]
[SourceVersionDate "2008.06.24"]
[SourceQuality "1"]

1. e4 e5 2. Qh5 Nc6 3. Bc4 Qe7 4. Nc3 Nf6 5. Qd1 Qd8 6. Nf3 Bc5 7. d3 d6 8. Bg5 Na5 9. Bb3 Nxb3 10. axb3 c6 11. 0-0 h6 12. Be3 Bxe3 13. fxe3 0-0 14. Qe1 a6 15. Nh4 d5 16. exd5 cxd5 17. Nf5 Bxf5 18. Rxf5 d4 19. exd4 exd4 20. Ne4 Nd5 21. Qg3 Ne3 22. Rc5 Rc8 23. Rxc8 Qxc8 24. c4 f5 25. Nd2 1/2-1/2

[Event "SEMI Danvers theme (B) email"]
[Site "SEMI email"]
[Date "2004.07.20"]
[Round "?"]
[White "Volpi, Davide"]
[Black "Elburg, John"]
[Result "0-1"]
[WhiteElo "2069"]
[BlackElo "2353"]
[PlyCount "56"]
[EventDate "2004.07.20"]
[EventType "tourn (corr)"]
[EventRounds "8"]
[EventCountry "ITA"]
[SourceTitle "Corr 2008"]
[Source "ChessBase"]
[SourceDate "2008.06.24"]
[SourceVersion "1"]
[SourceVersionDate "2008.06.24"]
[SourceQuality "1"]

1. e4 e5 2. Qh5 Nc6 3. Bc4 g6 4. Qf3 Qf6 5. Nc3 Nd4 6. Qxf6 Nxf6 7. Bb3 c6 8. Nf3 Nxf3+ 9. gxf3 Bh6 10. d3 Bxc1 11. Rxc1 d6 12. Rd1 Be6 13. d4 Bxb3 14. axb3 0-0-0 15. d5 c5 16. Kd2 Nh5 17. Ne2 f5 18. Rhg1 Rhf8 19. Ke3 a6 20. Ra1 Rd7 21. exf5 Rdf7 22. Ng3 Ng7 23. Ne4 Nxf5+ 24. Kd3 Kd7 25. f4 Nd4 26. fxe5 Rf3+ 27. Kd2 R3f5 28. exd6 Nf3+ 0-1

[Event "SEMI A049 email"]
[Site "SEMI email"]
[Date "2004.07.15"]
[Round "?"]
[White "Tescaro, Stefano"]
[Black "Volpi, Davide"]
[Result "1/2-1/2"]
[WhiteElo "1800"]
[BlackElo "2069"]
[PlyCount "87"]
[EventDate "2004.07.15"]
[EventType "tourn (corr)"]
[EventRounds "6"]
[EventCountry "ITA"]
[SourceTitle "Corr 2008"]
[Source "ChessBase"]
[SourceDate "2008.06.24"]
[SourceVersion "1"]
[SourceVersionDate "2008.06.24"]
[SourceQuality "1"]

1. d4 Nf6 2. Bg5 Ne4 3. Bf4 c5 4. f3 Qa5+ 5. c3 Nf6 6. Nd2 cxd4 7. Nb3 Qd8 8. cxd4 d5 9. e3 e6 10. g4 Bb4+ 11. Kf2 h6 12. Rc1 Nc6 13. Bb5 0-0 14. Rxc6 Bd7 15. Rc7 Bxb5 16. Rxb7 Bc6 17. Rxb4 a5 18. Qc2 axb4 19. Qxc6 Rxa2 20. Qc2 Nd7 21. Ne2 Qe7 22. Nec1 Raa8 23. Nd3 Rfc8 24. Nbc5 Nxc5 25. dxc5 Qb7 26. Qb3 Qb5 27. Rc1 Rc6 28. Bd6 Ra7 29. Ne5 Rc8 30. c6 f6 31. Rc5 Qa6 32. Nd3 Qb6 33. Qxb4 Ra6 34. Qxb6 Rxb6 35. b4 Rcxc6 36. Rxc6 Rxc6 37. Bc5 Rc7 38. b5 Rb7 39. b6 Kf7 40. f4 Ke8 41. f5 e5 42. Nb4 Rd7 43. Nc6 Rb7 44. Na5 1/2-1/2

[Event "SEMI The Climb UCO nor/0/5 email"]
[Site "SEMI email"]
[Date "2004.06.15"]
[Round "?"]
[White "Koteski, Ljube"]
[Black "Volpi, Davide"]
[Result "1-0"]
[WhiteElo "2050"]
[BlackElo "2069"]
[PlyCount "21"]
[EventDate "2004.??.??"]
[EventType "tourn (corr)"]
[EventRounds "9"]
[EventCountry "ITA"]
[SourceTitle "Corr 2008"]
[Source "ChessBase"]
[SourceDate "2008.06.24"]
[SourceVersion "1"]
[SourceVersionDate "2008.06.24"]
[SourceQuality "1"]

1. e4 g6 2. d4 Nf6 3. Nc3 Bg7 4. Be2 0-0 5. h4 c5 6. dxc5 Nc6 7. Be3 Qa5 8. Bd2 Qxc5 9. Nf3 d6 10. Na4 Qh5 11. Ng5 1-0

[Event "SEMI A047 email"]
[Site "SEMI email"]
[Date "2004.02.10"]
[Round "?"]
[White "Secondi, Alberto"]
[Black "Volpi, Davide"]
[Result "1/2-1/2"]
[WhiteElo "1800"]
[BlackElo "2069"]
[PlyCount "49"]
[EventDate "2004.02.10"]
[EventType "tourn (corr)"]
[EventRounds "6"]
[EventCountry "ITA"]
[SourceTitle "Corr 2008"]
[Source "ChessBase"]
[SourceDate "2008.06.24"]
[SourceVersion "1"]
[SourceVersionDate "2008.06.24"]
[SourceQuality "1"]

1. e4 c5 2. Nf3 Nc6 3. Nc3 d6 4. Bc4 Nf6 5. 0-0 e6 6. d4 cxd4 7. Nxd4 Be7 8. Nxc6 bxc6 9. Be3 0-0 10. Qf3 d5 11. Rad1 Qc7 12. exd5 exd5 13. Be2 Rb8 14. b3 Ng4 15. Bf4 Bd6 16. Rd4 Be5 17. Bxe5 Qxe5 18. Qf4 Qxf4 19. Rxf4 Nf6 20. Bd3 Re8 21. h3 Rb7 22. Ne2 Rbe7 23. Re1 c5 24. c3 Ne4 25. Rd1 1/2-1/2

[Event "SEMI The Climb UCO oren/0/3 email"]
[Site "SEMI email"]
[Date "2003.12.01"]
[Round "?"]
[White "Volpi, Davide"]
[Black "Migliorini, Roberto"]
[Result "0-1"]
[WhiteElo "2069"]
[BlackElo "2050"]
[PlyCount "34"]
[EventDate "2003.??.??"]
[EventType "tourn (corr)"]
[EventRounds "9"]
[EventCountry "ITA"]
[SourceTitle "Corr 2008"]
[Source "ChessBase"]
[SourceDate "2008.06.24"]
[SourceVersion "1"]
[SourceVersionDate "2008.06.24"]
[SourceQuality "1"]

1. d4 Nc6 2. d5 Ne5 3. e4 e6 4. dxe6 fxe6 5. Nc3 Ne7 6. Bg5 Nf7 7. Bh4 c6 8. Qd2 Qa5 9. 0-0-0 g5 10. Bg3 Bg7 11. Nge2 b5 12. Nd4 b4 13. Nb1 h5 14. h4 gxh4 15. Bxh4 Ng6 16. Bg3 h4 17. Bf4 Nxf4 0-1